000 00697nam a2200205Ia 4500
003 GCL
005 20240530110035.0
008 140319s9999 xx 000 0 ara d
040 _aGCL /
_cGCL
082 0 4 _aط
_b495.6
_bش ل
100 1 _aشهاب فارس
245 1 0 _aاللغة اليابانية للناطقين بالعربية /
_cشهاب فارس
260 _aالقاهرة :
_bوكالة الاهرام للتوزيع ،
_c0
300 _a569 ؛
_c32 سم
650 0 4 _aاللغة اليابانية
650 0 4 _aاللغة اليابانية - طرق وتدريس
700 _4كرم خليل
_aمؤلف
700 _4طوشيوكى ابيه
_aمؤلف
942 _2ddc
_cBK
999 _c58132
_d58132